Asleep - The Smiths full Lyrics - Statistics

General Stats
  • This quiz has been taken 5 times
  • The average score is 130 of 154
Answer Stats
Answer % Correct
a
100%
and
100%
bad
100%
be
100%
be.
100%
bed.
100%
Don't
100%
don't
100%
feel
100%
for
100%
go
100%
go.
100%
I,
100%
I
100%
I'm
100%
in
100%
know:
100%
me
100%
me,
100%
morning
100%
Sing
100%
sing
100%
sleep,
100%
sleep
100%
the
100%
tired
100%
to
100%
try
100%
wake
100%
want
100%
will
100%
you
100%
anymore.
75%
'cause
75%
cell
75%
deep
75%
Deep
75%
gone.
75%
heart
75%
my
75%
of
75%
on
75%
own
75%
really
75%
so
75%
up
75%
alone.
50%
another
50%
better
50%
glad
50%
is
50%
leave
50%
must
50%
then
50%
There
50%
there
50%
world,
50%
well,
25%
Well,
25%
Well...
25%
Bye,
0%
bye,
0%
bye.
0%
No matching quizzes found
Score Distribution
Percent of People with Each Score
Percentile by Number Answered
Your Score History
You have not taken this quiz